Guía de la política moderna : A guide to modern politics /

Guardado en:
Autor Principal: Cole, G.D. H.; Cole, Margaret.
Formato: Libro
Idioma:Undetermined
Publicado: Santiago de Chile : Ediciones Ercilla, 1937.
Materias:
Etiquetas: Agregar Etiqueta
Sin Etiquetas, Sea el primero en etiquetar este registro!
LEADER 00583nam a22001575a 4500
001 EHU.bham048359
005 20110923194208.0
008 110923s1937####xx############000#0#und#d
100 1 |a Cole, G.D. H.; Cole, Margaret. 
245 0 0 |a Guía de la política moderna :  |b A guide to modern politics /  |c G.D. H. Cole; Margaret Cole. 
260 |a Santiago de Chile :  |b Ediciones Ercilla,  |c 1937. 
300 |a 645 p. 
653 |a Política moderna. 
653 |a Sistemas políticos y sistemas parlamentarios. 
653 |a Estado. 
859 |a AR-BHAM  |b BIB. HUMANIDADES - Donacion Lejarraga  |h MFN002578  |p 002578.19